000 00692nam a2200265Ia 4500
003 OSt
005 20221006144118.0
006 a|||||r|||| 00| 0
007 ta
008 221006b |||||||| |||| 00| 0 eng d
020 _c£7.20
024 _a10,903
037 _cTextual
040 _aEASL
_cEASL
_beng
041 _2eng
_aeng
082 _aQ6:65wM04, L3
100 _aGULICK Edward V
_9650886
245 0 _aPeter Parker and the opening of China
260 _aCambridge
_bHarvard University Press
_c1973
300 _axi,282p.
_ccm.
490 _v CEL
650 _aCEL
942 _hQ6:65wM04, L3
_cTEXL
_2CC
999 _c1078989
_d1078989